<?xml version="1.0" encoding="UTF-8"?>
<record
    xmlns:xsi="http://www.w3.org/2001/XMLSchema-instance"
    xsi:schemaLocation="http://www.loc.gov/MARC21/slim http://www.loc.gov/standards/marcxml/schema/MARC21slim.xsd"
    xmlns="http://www.loc.gov/MARC21/slim">

  <leader>01346nam a22002297a 4500</leader>
  <controlfield tag="005">20230412115202.0</controlfield>
  <controlfield tag="008">230412b           ||||| |||| 00| 0 eng d</controlfield>
  <datafield tag="020" ind1=" " ind2=" ">
    <subfield code="a">9789356346413</subfield>
  </datafield>
  <datafield tag="040" ind1=" " ind2=" ">
    <subfield code="c">AL</subfield>
  </datafield>
  <datafield tag="041" ind1=" " ind2=" ">
    <subfield code="a">English</subfield>
  </datafield>
  <datafield tag="082" ind1=" " ind2=" ">
    <subfield code="2">23</subfield>
    <subfield code="a">378.02</subfield>
    <subfield code="b">OSWN</subfield>
  </datafield>
  <datafield tag="100" ind1=" " ind2=" ">
    <subfield code="a">Oswaal Books</subfield>
    <subfield code="9">86937</subfield>
  </datafield>
  <datafield tag="245" ind1=" " ind2=" ">
    <subfield code="a">NTA CUET (UG) 10 Mock Test Papers: Economics</subfield>
  </datafield>
  <datafield tag="260" ind1=" " ind2=" ">
    <subfield code="a">Agra</subfield>
    <subfield code="b">Oswaal Books and Learning Pvt Ltd</subfield>
    <subfield code="c">2023</subfield>
  </datafield>
  <datafield tag="300" ind1=" " ind2=" ">
    <subfield code="a">88 p.</subfield>
    <subfield code="b">PB</subfield>
    <subfield code="c">27x18 cm.</subfield>
  </datafield>
  <datafield tag="365" ind1=" " ind2=" ">
    <subfield code="a">176</subfield>
    <subfield code="b">&#x20B9;159</subfield>
    <subfield code="c">&#x20B9;</subfield>
    <subfield code="d">&#x20B9;199.00</subfield>
    <subfield code="e">20%</subfield>
    <subfield code="f">7-4-2023</subfield>
  </datafield>
  <datafield tag="521" ind1=" " ind2=" ">
    <subfield code="a">&#x2022; Crisp Revision with On-Tips Notes &amp; Mind Maps 
&#x2022; 100% Exam Readiness with Latest Solved Papers ( Slot 1 &amp; 2 )-NTA 2022 
&#x2022; Extensive Practice with 10 Solved Sample Question Papers with 50 MCQs
&#x2022; Valuable Exam Insights&lt;with NCERT-based MCQs 
&#x2022; Concept Clarity with 450+ Explanations &amp; Smart Answer Key</subfield>
    <subfield code="b">Table of contents 
18th August 2022
Sample Question Paper - 1
Sample Question Paper - 2
Sample Question Paper - 3
Sample Question Paper - 4
Sample Question Paper - 5
Sample Question Paper - 6
Sample Question Paper - 7
Sample Question Paper - 8
Sample Question Paper - 9
Sample Question Paper - 10
Preface
Contents
Syllabus</subfield>
  </datafield>
  <datafield tag="650" ind1=" " ind2=" ">
    <subfield code="a">Common University Entrance Test </subfield>
    <subfield code="9">86860</subfield>
  </datafield>
  <datafield tag="650" ind1=" " ind2=" ">
    <subfield code="a">Section II (Domain Specific Subject)</subfield>
    <subfield code="9">86861</subfield>
  </datafield>
  <datafield tag="700" ind1=" " ind2=" ">
    <subfield code="a">OSWAAL BOOKS</subfield>
    <subfield code="9">86862</subfield>
  </datafield>
  <datafield tag="942" ind1=" " ind2=" ">
    <subfield code="2">ddc</subfield>
    <subfield code="c">BK</subfield>
  </datafield>
  <datafield tag="999" ind1=" " ind2=" ">
    <subfield code="c">227177</subfield>
    <subfield code="d">227177</subfield>
  </datafield>
  <datafield tag="952" ind1=" " ind2=" ">
    <subfield code="0">0</subfield>
    <subfield code="1">0</subfield>
    <subfield code="2">ddc</subfield>
    <subfield code="4">0</subfield>
    <subfield code="7">0</subfield>
    <subfield code="8">OTH</subfield>
    <subfield code="a">AL</subfield>
    <subfield code="b">AL</subfield>
    <subfield code="d">2023-04-11</subfield>
    <subfield code="e">Biblios Book Point Surathkal Mangalore 575014</subfield>
    <subfield code="g">159.00</subfield>
    <subfield code="l">0</subfield>
    <subfield code="o">378.02 OSWN</subfield>
    <subfield code="p">076503</subfield>
    <subfield code="r">2023-04-12 00:00:00</subfield>
    <subfield code="v">199.00</subfield>
    <subfield code="w">2023-04-12</subfield>
    <subfield code="y">BK</subfield>
  </datafield>
</record>
